| 000 | 00684cam a2200205 a 4500 | ||
|---|---|---|---|
| 001 | 2068188 | ||
| 005 | 20250712134445.0 | ||
| 008 | 940328s1994 miu b 001 0 eng | ||
| 020 |
_a0801063159 _qpbk. |
||
| 020 |
_a9780801063152 _q(pbk.) |
||
| 050 | 0 | 0 |
_aBT83.57 _b.M376 1994 |
| 082 | 0 | 0 |
_a230/.046 _220 |
| 100 | 1 | _aMcGlasson, Paul. | |
| 245 | 1 | 0 |
_aAnother gospel : _ba confrontation with liberation theology / _cPaul C. McGlasson ; foreword by Brevard S. Childs. |
| 260 |
_aGrand Rapids, Mich. : _bBaker Books, _cc1994. |
||
| 300 |
_a94 p. ; _c22 cm. |
||
| 650 | 0 | _aLiberation theology. | |
| 650 | 0 |
_aTheology, Doctrinal _zNorth America _xHistory _y20th century. |
|
| 942 |
_2lcc _cBK _n0 |
||
| 999 |
_c6937 _d6937 |
||